| 000 | 00780nam a22002417a 4500 | ||
|---|---|---|---|
| 999 |
_c190108 _d190108 |
||
| 005 | 20220718155019.0 | ||
| 010 | _aENG-133637 | ||
| 020 |
_a9789388398671 _c350.00 |
||
| 035 | _aEN-117169 | ||
| 037 | _bDBAD/PUB | ||
| 082 | _a658.4063 | ||
| 100 | _aKannadas, P | ||
| 245 |
_aInnovative Strategies Of Management In the Globalized Era - 2019; _b Innternational Conference Proceeding/ _ced. by P. Kannadas[et al...] |
||
| 260 |
_aTamil Nadu _bShanlax Publication _c2019 |
||
| 270 |
_a61, 66 T.P.K. Main Road, Vasantha Nagar, _bMadurai _e625003 |
||
| 300 |
_a418p. _c24cm(pbk) |
||
| 700 | _aP. Kannadas | ||
| 700 | _aK. Chandrasekaran | ||
| 700 | _aD. Deepa | ||
| 710 | _aM. Palanivel Rajan | ||
| 711 | _aM. Premkumar | ||
| 942 |
_2ddc _cEN _h658.4063 _mINN |
||